Jaina ethics. (Record no. 84333)

MARC details
000 -LEADER
fixed length control field 00708cam a2200253 4500
001 - CONTROL NUMBER
control field sa 68012146
003 - CONTROL NUMBER IDENTIFIER
control field DLC
005 - DATE AND TIME OF LATEST TRANSACTION
control field 20260227112607.0
008 - FIXED-LENGTH DATA ELEMENTS--GENERAL INFORMATION
fixed length control field 691024s1968 ii b 001 0 eng
010 ## - LIBRARY OF CONGRESS CONTROL NUMBER
LC control number sa 68012146 //r92
025 ## - OVERSEAS ACQUISITION NUMBER
Overseas acquisition number PL480:I-E-10622
040 ## - CATALOGING SOURCE
Original cataloging agency DLC
Transcribing agency DLC
Modifying agency DLC
050 00 - LIBRARY OF CONGRESS CALL NUMBER
Classification number BJ1290
Item number .B5
082 00 - DEWEY DECIMAL CLASSIFICATION NUMBER
Classification number 294.4/5
100 10 - MAIN ENTRY--PERSONAL NAME
Personal name Bhārgava, Dayānanda.
245 10 - TITLE STATEMENT
Title Jaina ethics.
250 ## - EDITION STATEMENT
Edition statement [1st ed.]
260 0# - PUBLICATION, DISTRIBUTION, ETC.
Place of publication, distribution, etc. Delhi,
Name of publisher, distributor, etc. Motilal Banarsidass
Date of publication, distribution, etc. [1968]
300 ## - PHYSICAL DESCRIPTION
Extent xvi, 296 p.
Dimensions 23 cm.
350 ## - PRICE (NR) (BK AM CF MU VM SE) [OBSOLETE]
Price 20.00
500 ## - GENERAL NOTE
General note "A thesis approved for the degree of Doctor of Philosophy by the University of Delhi."
504 ## - BIBLIOGRAPHY, ETC. NOTE
Bibliography, etc. note Bibliography: p. [256]-265.
650 #0 - SUBJECT ADDED ENTRY--TOPICAL TERM
Topical term or geographic name entry element Jaina ethics.

No items available.

Powered by Koha